[Event "Reykjavik op"]
[Site "Reykjavik"]
[Date "2024.03.21"]
[Round "9"]
[White "Sigfusson, Ottar Orn Bergmann"]
[Black "Stuhr, Finn"]
[Result "0-1"]
[WhiteElo "1693"]
[BlackElo "1814"]
[PlyCount "68"]
[EventDate "2024.03.15"]
[EventType "swiss"]
[EventRounds "9"]
[EventCountry "ISL"]
[SourceTitle "CB13_2024"]
[SourceDate "2024.03.27"]
[SourceVersion "1"]
[SourceVersionDate "2024.03.27"]
[SourceQuality "1"]

1. e4 e5 2. Nf3 Nc6 3. Bb5 a6 4. Ba4 Nf6 5. 0-0 b5 6. Bb3 Be7 7. c3 0-0 8. Re1 d5 9. exd5 Nxd5 10. Nxe5 Nxe5 11. Rxe5 c6 12. d4 Bd6 13. Re1 Qh4 14. g3 Qh3 15. Bxd5 cxd5 16. Qf3 Be6 17. Nd2 Rae8 18. Re3 Bg4 19. Qg2 Rxe3 20. fxe3 Qh5 21. Nb3 Bf3 22. Qf2 Re8 23. Bd2 Re6 24. Nc1 Rf6 25. Nd3 g5 26. Rf1 Qg4 27. Ne1 Qh5 28. Nxf3 g4 29. Qg2 Rxf3 30. Rxf3 gxf3 31. Qh1 Bxg3 32. h4 f2+ 33. Kg2 Bxh4 34. Qh3 Qe2 0-1

[Event "Reykjavik op"]
[Site "Reykjavik"]
[Date "2024.03.15"]
[Round "1"]
[White "Olafsson, Olafur Orn"]
[Black "Stuhr, Finn"]
[Result "1-0"]
[WhiteElo "1542"]
[BlackElo "1814"]
[PlyCount "61"]
[EventDate "2024.03.15"]
[EventType "swiss"]
[EventRounds "9"]
[EventCountry "ISL"]
[SourceTitle "CB13_2024"]
[SourceDate "2024.03.27"]
[SourceVersion "1"]
[SourceVersionDate "2024.03.27"]
[SourceQuality "1"]

1. d4 Nf6 2. c4 e6 3. Nc3 b6 4. Bg5 Be7 5. Nf3 d6 6. e3 Bb7 7. Bd3 Nbd7 8. 0-0 0-0 9. Re1 c6 10. Rc1 Rc8 11. h3 a6 12. b4 c5 13. bxc5 dxc5 14. Bf4 Ne8 15. Be4 Bxe4 16. Nxe4 f5 17. Nc3 Nd6 18. d5 Nxc4 19. dxe6 Nf6 20. Qb3 Na5 21. Qc2 Nh5 22. Red1 Qe8 23. Bh2 Qg6 24. Rd7 Qxe6 25. Rcd1 Rfd8 26. Rxd8+ Rxd8 27. Ne5 Bf6 28. Rxd8+ Bxd8 29. Qd3 Qc8 30. Qd5+ Kh8 31. Nf7+ 1-0

[Event "NATO-ch 32nd"]
[Site "Tartu"]
[Date "2022.06.30"]
[Round "6"]
[White "Kocur, Marc"]
[Black "Stuhr, Finn"]
[Result "1-0"]
[WhiteElo "1835"]
[BlackElo "1686"]
[PlyCount "63"]
[EventDate "2022.06.27"]
[EventType "swiss"]
[EventRounds "7"]
[EventCountry "EST"]
[SourceTitle "CBM 209 Extra"]
[Source "ChessBase"]
[SourceDate "2022.09.30"]
[SourceVersion "1"]
[SourceVersionDate "2022.09.30"]
[SourceQuality "1"]

1. d4 Nf6 2. Bf4 d6 3. Nc3 e6 4. e4 Nbd7 5. e5 Ng8 6. Nf3 dxe5 7. dxe5 Bb4 8. Bg5 Ne7 9. Qd4 c5 10. Qd3 Qc7 11. 0-0-0 c4 12. Nb5 cxd3 13. Nxc7+ Kf8 14. Bxe7+ Kxe7 15. Nxa8 dxc2 16. Kxc2 Ba5 17. a3 f6 18. b4 Bd8 19. Rd2 a6 20. Be2 b5 21. Rhd1 Nb8 22. exf6+ gxf6 23. Ne1 Bb7 24. Bf3 Bc8 25. Nd3 e5 26. Nc5 f5 27. Nb7 e4 28. Rxd8 Rxd8 29. Nxd8 exf3 30. Nb6 Bd7 31. Nxd7 Nxd7 32. Nc6+ 1-0

[Event "NATO-ch 32nd"]
[Site "Tartu"]
[Date "2022.06.29"]
[Round "4"]
[White "Lambruschini, Alex"]
[Black "Stuhr, Finn"]
[Result "0-1"]
[WhiteElo "1807"]
[BlackElo "1686"]
[PlyCount "148"]
[EventDate "2022.06.27"]
[EventType "swiss"]
[EventRounds "7"]
[EventCountry "EST"]
[SourceTitle "CBM 209 Extra"]
[Source "ChessBase"]
[SourceDate "2022.09.30"]
[SourceVersion "1"]
[SourceVersionDate "2022.09.30"]
[SourceQuality "1"]

1. c4 c5 2. Nc3 Nf6 3. g3 g6 4. Bg2 Bg7 5. Nf3 Nc6 6. 0-0 b6 7. d4 cxd4 8. Nxd4 Bb7 9. e3 Na5 10. b3 Bxg2 11. Kxg2 0-0 12. Ba3 d6 13. Qf3 Qd7 14. Rfd1 Rac8 15. Rac1 Qb7 16. Rd2 Qxf3+ 17. Kxf3 a6 18. Na4 Nd7 19. Nc3 Nc6 20. Nd5 Rfe8 21. Bb2 Nce5+ 22. Ke2 e6 23. Nf4 Nc5 24. f3 Ned7 25. Nd3 Nxd3 26. Kxd3 e5 27. Ne2 e4+ 28. fxe4 Nc5+ 29. Kc2 Bxb2 30. Kxb2 Rxe4 31. Rxd6 Rxe3 32. Rc2 b5 33. cxb5 axb5 34. Rd5 Na4+ 35. bxa4 Rxc2+ 36. Kxc2 Rxe2+ 37. Rd2 Rxd2+ 38. Kxd2 bxa4 39. Kc3 f5 40. Kb4 g5 41. Kc5 Kf7 42. Kd5 Kf6 43. h3 a3 44. g4 f4 45. Ke4 Ke6 46. h4 gxh4 47. Kxf4 Kd5 48. g5 Kd4 49. Kg4 Kc3 50. Kxh4 Kb2 51. Kh5 Kxa2 52. Kh6 Kb2 53. Kxh7 a2 54. g6 a1Q 55. g7 Qh1+ 56. Kg6 Qd5 57. Kh7 Qh5+ 58. Kg8 Kc3 59. Kf8 Qf5+ 60. Ke7 Qg6 61. Kf8 Qf6+ 62. Kg8 Kd4 63. Kh7 Qf5+ 64. Kh6 Qg4 65. Kh7 Qh5+ 66. Kg8 Ke5 67. Kf8 Qf5+ 68. Ke8 Qg6+ 69. Kf8 Qf6+ 70. Kg8 Ke6 71. Kh7 Qh4+ 72. Kg8 Qg5 73. Kh7 Kf7 74. g8B+ Qxg8+ 0-1

[Event "Koge EMT op 3rd"]
[Site "Koge"]
[Date "2022.04.29"]
[Round "1"]
[White "Pedersen, Daniel Vesterbaek"]
[Black "Stuhr, Finn"]
[Result "1-0"]
[WhiteElo "2147"]
[BlackElo "1650"]
[PlyCount "47"]
[EventDate "2022.04.29"]
[EventType "swiss"]
[EventRounds "5"]
[EventCountry "DEN"]
[SourceTitle "CBM 208 Extra"]
[Source "ChessBase"]
[SourceDate "2022.07.31"]
[SourceVersion "1"]
[SourceVersionDate "2022.07.31"]
[SourceQuality "1"]

1. e4 e5 2. Nf3 Nc6 3. Nc3 Bc5 4. g3 Nf6 5. Bg2 d6 6. d3 Bg4 7. h3 Bh5 8. Na4 Bb4+ 9. c3 Ba5 10. b4 Bb6 11. Qc2 h6 12. Nh4 Nd7 13. Nf5 Qf6 14. Nxb6 Nxb6 15. 0-0 Bg6 16. Ne3 0-0 17. a4 a5 18. bxa5 Ne7 19. f4 exf4 20. gxf4 Bh5 21. Bb2 Ng6 22. c4 Qd8 23. Nf5 f6 24. Ng3 1-0

[Event "Koge EMT op 3rd"]
[Site "Koge"]
[Date "2022.04.29"]
[Round "2"]
[White "Stuhr, Finn"]
[Black "Saravana, Vedant Kumar"]
[Result "0-1"]
[WhiteElo "1650"]
[BlackElo "1877"]
[PlyCount "76"]
[EventDate "2022.04.29"]
[EventType "swiss"]
[EventRounds "5"]
[EventCountry "DEN"]
[SourceTitle "CBM 208 Extra"]
[Source "ChessBase"]
[SourceDate "2022.07.31"]
[SourceVersion "1"]
[SourceVersionDate "2022.07.31"]
[SourceQuality "1"]

1. e4 e5 2. Nf3 Nc6 3. Bb5 a6 4. Ba4 Nf6 5. 0-0 Be7 6. Re1 d6 7. c3 b5 8. Bb3 Na5 9. Bc2 0-0 10. d4 exd4 11. cxd4 Bg4 12. Qd3 Nc6 13. Bg5 Nb4 14. Qc3 Nxc2 15. Qxc2 Bxf3 16. gxf3 Nh5 17. Be3 Kh8 18. Kh1 f5 19. exf5 Qd7 20. Qe2 Rxf5 21. Nd2 d5 22. f4 Bd6 23. Qg4 Qf7 24. Nf3 Bxf4 25. Qg2 Rf8 26. Ne5 Bxe5 27. dxe5 Rxe5 28. Bc5 Rxe1+ 29. Rxe1 Re8 30. Rg1 Qg6 31. Qh3 Qxg1+ 32. Kxg1 Re1+ 33. Qf1 Rxf1+ 34. Kxf1 Nf4 35. f3 Kg8 36. Bd4 Kf7 37. Kf2 c5 38. Bc3 d4 0-1

[Event "NATO-ch 31st"]
[Site "Blankenberge"]
[Date "2021.10.13"]
[Round "4.38"]
[White "Stuhr, Finn"]
[Black "Steffers, Hendrik"]
[Result "0-1"]
[WhiteElo "1705"]
[BlackElo "1896"]
[PlyCount "72"]
[EventDate "2021.10.11"]
[EventType "team-swiss"]
[EventRounds "7"]
[EventCountry "BEL"]
[SourceTitle "CBM 204 Extra"]
[Source "ChessBase"]
[SourceDate "2021.11.30"]
[SourceVersion "1"]
[SourceVersionDate "2021.11.30"]
[SourceQuality "1"]
[WhiteTeam "NATO II"]
[BlackTeam "NATO LTM"]

1. e4 c5 2. Nc3 e6 3. Bc4 a6 4. a4 Nc6 5. f4 Nd4 6. Nf3 Qc7 7. 0-0 Rb8 8. a5 Ne7 9. d3 Nec6 10. Re1 Be7 11. Nxd4 Nxd4 12. Ne2 Nc6 13. c3 Nxa5 14. Ba2 0-0 15. e5 b5 16. Qc2 Nc6 17. Bb1 g6 18. Be3 d5 19. d4 c4 20. Ng3 b4 21. Qe2 Bh4 22. Qg4 Bxg3 23. hxg3 Ne7 24. Kf2 Nf5 25. Bc1 bxc3 26. bxc3 Rb3 27. Bxf5 exf5 28. Qf3 Qb7 29. Ba3 Rxa3 30. Rab1 Rb3 31. Rbc1 Rb2+ 32. Ke3 a5 33. Rh1 f6 34. Rh6 Rf7 35. g4 fxe5 36. fxe5 f4+ 0-1

[Event "NATO-ch 30th"]
[Site "Berlin"]
[Date "2019.09.20"]
[Round "7.57"]
[White "Tremblay, Mario"]
[Black "Stuhr, Finn"]
[Result "0-1"]
[WhiteElo "1652"]
[BlackElo "1698"]
[PlyCount "25"]
[EventDate "2019.09.14"]
[EventType "team-swiss"]
[EventRounds "7"]
[EventCountry "GER"]
[SourceTitle "EXT 2020"]
[Source "ChessBase"]
[SourceDate "2019.10.17"]
[SourceVersion "1"]
[SourceVersionDate "2019.10.17"]
[SourceQuality "1"]
[WhiteTeam "Canada"]
[BlackTeam "NATO III"]
[WhiteTeamCountry "CAN"]

1. e4 e5 2. Nf3 Nc6 3. d4 exd4 4. Bc4 Bc5 5. 0-0 d6 6. Ng5 Ne5 7. Bb3 h6 8. Qh5 g6 9. Nxf7 gxh5 10. Nxd8 Kxd8 11. Bxg8 Rxg8 12. Bxh6 Bh3 13. g3 0-1

[Event "Koge Weekend Mester"]
[Site "Koge"]
[Date "2019.05.03"]
[Round "1"]
[White "Stuhr, Finn"]
[Black "Svendsen, Mads O"]
[Result "0-1"]
[WhiteElo "1686"]
[BlackElo "2062"]
[PlyCount "106"]
[EventDate "2019.05.03"]
[EventType "swiss"]
[EventRounds "5"]
[EventCountry "DEN"]
[SourceTitle "EXT 2020"]
[Source "ChessBase"]
[SourceDate "2019.10.17"]
[SourceVersion "1"]
[SourceVersionDate "2019.10.17"]
[SourceQuality "1"]

1. e4 d5 2. e5 Bf5 3. d4 e6 4. Bd3 Bg6 5. f4 c5 6. c3 Nc6 7. Nf3 Qb6 8. Bxg6 hxg6 9. Qb3 Nh6 10. Qxb6 axb6 11. Be3 c4 12. h3 b5 13. g4 Nxg4 14. Ke2 Nh6 15. Nbd2 Nf5 16. Bf2 b4 17. h4 Be7 18. Ng5 Bxg5 19. fxg5 bxc3 20. bxc3 Ra3 21. Nb1 Ra4 22. Nd2 Kd7 23. Rhb1 Kc7 24. Rb2 Ra3 25. Nb1 Raa8 26. Nd2 Nxh4 27. Rab1 Rab8 28. Nf1 Nf5 29. Ng3 Nxg3+ 30. Bxg3 Rh3 31. Kf3 Rhh8 32. Kg4 Nd8 33. Bf4 Ra8 34. Rf1 Ra3 35. Rc2 b5 36. Bc1 Ra7 37. Rb2 Kb6 38. Be3 Ra3 39. Bd2 Rh2 40. Kg3 Rh8 41. Rfb1 Ra5 42. a4 Rxa4 43. Rxb5+ Kc7 44. Rc5+ Nc6 45. Rf1 Rf8 46. Rb5 Ra2 47. Rd1 Na5 48. Rbb1 Nb3 49. Be1 Rh8 50. Bf2 Rc2 51. Rf1 Rxc3+ 52. Kg4 Nd2 53. Rfd1 Nb3 0-1

[Event "Helsingor Xtracon op"]
[Site "Helsingor"]
[Date "2018.07.23"]
[Round "4"]
[White "Stuhr, Finn"]
[Black "Unneland, Mathias"]
[Result "0-1"]
[WhiteElo "1695"]
[BlackElo "1896"]
[PlyCount "30"]
[EventDate "2018.07.21"]
[EventType "swiss"]
[EventRounds "10"]
[EventCountry "DEN"]
[SourceTitle "CBM 185 Extra"]
[Source "ChessBase"]
[SourceDate "2018.07.29"]
[SourceVersion "1"]
[SourceVersionDate "2018.07.29"]
[SourceQuality "1"]

1. e4 e6 2. d4 d5 3. e5 c5 4. c3 Nc6 5. Nf3 Qb6 6. Be2 Bd7 7. 0-0 cxd4 8. cxd4 Nge7 9. Nc3 Nf5 10. Kh1 Nfxd4 11. Nxd4 Qxd4 12. Qxd4 Nxd4 13. Bd3 a6 14. f4 f5 15. Na4 Bxa4 0-1

[Event "Faxe Dags op"]
[Site "Faxe"]
[Date "2017.04.26"]
[Round "4"]
[White "Stuhr, Finn"]
[Black "Nielsen, Per Henrik Axel"]
[Result "0-1"]
[WhiteElo "1700"]
[BlackElo "1975"]
[PlyCount "66"]
[EventDate "2017.04.05"]
[EventType "swiss"]
[EventRounds "7"]
[EventCountry "DEN"]
[SourceTitle "EXT 2021"]
[Source "ChessBase"]
[SourceDate "2020.10.23"]
[SourceVersion "1"]
[SourceVersionDate "2020.10.23"]
[SourceQuality "1"]

1. e4 Nf6 2. Nc3 d5 3. exd5 Nxd5 4. Bc4 c6 5. Qf3 e6 6. a3 Nd7 7. d4 N7f6 8. Bg5 Be7 9. Nge2 Bd7 10. 0-0 h6 11. Bh4 0-0 12. Rad1 a5 13. Ba2 b5 14. Ne4 b4 15. c4 bxc3 16. bxc3 Nxe4 17. Bxe7 Qxe7 18. Qxe4 Qxa3 19. Bb1 Nf6 20. Qc2 c5 21. dxc5 Ba4 22. Qd3 Bxd1 23. Rxd1 Qxc5 24. Ng3 a4 25. Ne4 Nxe4 26. Qxe4 g6 27. Qg4 Qg5 28. Qe4 Rfd8 29. Re1 a3 30. Ba2 Qf6 31. h3 Rab8 32. c4 Rd2 33. Re2 Qa1+ 0-1

[Event "NATO-ch 27th"]
[Site "Shrivenham"]
[Date "2016.08.25"]
[Round "5"]
[White "Stuhr, Finn"]
[Black "Slaidins, Janis"]
[Result "0-1"]
[WhiteElo "1740"]
[BlackElo "1884"]
[PlyCount "72"]
[EventDate "2016.08.22"]
[EventType "swiss"]
[EventRounds "7"]
[EventCountry "ENG"]
[SourceTitle "EXT 2018"]
[Source "ChessBase"]
[SourceDate "2017.10.13"]
[SourceVersion "1"]
[SourceVersionDate "2017.10.13"]
[SourceQuality "1"]

1. e4 e5 2. Nf3 d6 3. Bc4 Be7 4. Nc3 Nf6 5. 0-0 0-0 6. a3 Nc6 7. d4 Bg4 8. Qd3 Bxf3 9. Qxf3 Nxd4 10. Qd3 Nd7 11. Nd5 c6 12. Nxe7+ Qxe7 13. Be3 Nc5 14. Qd1 Nxe4 15. Bxd4 exd4 16. Qxd4 d5 17. Ba2 Qf6 18. Qb4 b5 19. Rad1 a5 20. Qb3 a4 21. Qb4 Rfe8 22. f3 Ng5 23. Rd2 Re3 24. c3 Rae8 25. Qc5 Re1 26. Rdf2 Qg6 27. Kh1 h6 28. h4 Nh7 29. Qd4 Qg3 30. Kg1 Nf6 31. Bb1 Nh5 32. Qd3 g6 33. Qd2 R1e7 34. Qxh6 Nf4 35. Kh1 Re1 36. Qg5 Qxf2 0-1

[Event "NATO-ch 27th"]
[Site "Shrivenham"]
[Date "2016.08.24"]
[Round "4"]
[White "Cappon, Kaan"]
[Black "Stuhr, Finn"]
[Result "1-0"]
[WhiteElo "1830"]
[BlackElo "1740"]
[PlyCount "57"]
[EventDate "2016.08.22"]
[EventType "swiss"]
[EventRounds "7"]
[EventCountry "ENG"]
[SourceTitle "EXT 2018"]
[Source "ChessBase"]
[SourceDate "2017.10.13"]
[SourceVersion "1"]
[SourceVersionDate "2017.10.13"]
[SourceQuality "1"]

1. e4 e5 2. Nf3 Nc6 3. Bb5 a6 4. Ba4 Nf6 5. 0-0 b5 6. Bb3 Be7 7. Re1 0-0 8. c3 d5 9. exd5 Nxd5 10. Nxe5 Nxe5 11. Rxe5 Nf6 12. d4 Bd6 13. Re1 c6 14. Nd2 Bxh2+ 15. Kxh2 Ng4+ 16. Kg3 Qd6+ 17. f4 Qg6 18. Bc2 f5 19. Kf3 Be6 20. Rxe6 Rae8 21. Rxe8 Rxe8 22. Nf1 Qh5 23. Kg3 Qg6 24. Bxf5 Qxf5 25. Qxg4 Qd5 26. Bd2 Re6 27. Qf3 Qd8 28. Kf2 Qh4+ 29. Ng3 1-0

[Event "Faxe Dags op"]
[Site "Faxe"]
[Date "2016.05.17"]
[Round "7"]
[White "Andersen, Bjarne Hjorth"]
[Black "Stuhr, Finn"]
[Result "1-0"]
[WhiteElo "1963"]
[BlackElo "1737"]
[PlyCount "115"]
[EventDate "2016.03.30"]
[EventType "swiss"]
[EventRounds "7"]
[EventCountry "DEN"]
[SourceTitle "EXT 2021"]
[Source "ChessBase"]
[SourceDate "2020.10.23"]
[SourceVersion "1"]
[SourceVersionDate "2020.10.23"]
[SourceQuality "1"]

1. e4 e5 2. Nf3 Nc6 3. d4 exd4 4. Nxd4 Bb4+ 5. c3 Bc5 6. Be3 Bb6 7. Bc4 Nge7 8. 0-0 0-0 9. Nd2 Nxd4 10. cxd4 d5 11. Bb3 dxe4 12. Nxe4 Nf5 13. Qd2 Re8 14. Ng5 Nd6 15. Bf4 h6 16. Nf3 Nf5 17. Rad1 c6 18. Ne5 Be6 19. d5 cxd5 20. Bxd5 Qxd5 21. Qxd5 Bxd5 22. Rxd5 Rad8 23. Nd7 Nd4 24. Bg3 Ne2+ 25. Kh1 Nxg3+ 26. hxg3 Bc7 27. f4 Re7 28. Rfd1 Rde8 29. Kh2 Re2 30. R5d2 b6 31. Kg1 f6 32. Rxe2 Rxe2 33. Rc1 Bd6 34. Rc6 Be7 35. Rc7 Bd6 36. Rxa7 Re7 37. Kf1 Kf7 38. Rb7 Ke8 39. Nxf6+ gxf6 40. Rxb6 Rd7 41. a4 Kd8 42. b4 Kc7 43. a5 Rd8 44. b5 Bb4 45. Rc6+ Kb8 46. a6 Rd7 47. b6 Rd6 48. a7+ Kb7 49. Rc7+ Kxb6 50. a8Q Kxc7 51. Qa7+ Kc6 52. Qa4+ Kc5 53. Qc2+ Kd4 54. Qg6 Ke3 55. Qe8+ Kd4 56. Ke2 Kd5 57. Kf3 Bc5 58. Qe4# 1-0

[Event "Faxe Dags op"]
[Site "Faxe"]
[Date "2016.04.27"]
[Round "5"]
[White "Alic, Ohran"]
[Black "Stuhr, Finn"]
[Result "1-0"]
[WhiteElo "1759"]
[BlackElo "1737"]
[PlyCount "93"]
[EventDate "2016.03.30"]
[EventType "swiss"]
[EventRounds "7"]
[EventCountry "DEN"]
[SourceTitle "EXT 2021"]
[Source "ChessBase"]
[SourceDate "2020.10.23"]
[SourceVersion "1"]
[SourceVersionDate "2020.10.23"]
[SourceQuality "1"]

1. Nf3 b6 2. g3 Bb7 3. d4 g6 4. Bg2 d6 5. 0-0 Bg7 6. c3 Nd7 7. Nbd2 Ngf6 8. Re1 c5 9. e4 Qc7 10. d5 0-0 11. a4 Rae8 12. c4 a6 13. Rb1 b5 14. axb5 axb5 15. b3 Ra8 16. Bb2 Rfb8 17. Qc2 Nb6 18. e5 Nfd7 19. exd6 exd6 20. Bxg7 Kxg7 21. Qc3+ Kg8 22. Ra1 b4 23. Qb2 Re8 24. Rxa8 Rxa8 25. Ne4 Re8 26. Nf6+ Nxf6 27. Qxf6 Rxe1+ 28. Nxe1 Nd7 29. Qe7 Qc8 30. Bh3 f5 31. Qxd6 Qe8 32. Nf3 Bc8 33. g4 Qe4 34. Qe6+ Kg7 35. Qxe4 fxe4 36. Ng5 Ne5 37. Nxe4 h5 38. Nxc5 Nf3+ 39. Kf1 Ne5 40. f4 Nxc4 41. bxc4 Ba6 42. Kf2 Bxc4 43. d6 Kf7 44. gxh5 b3 45. Nxb3 Bxb3 46. d7 Ke7 47. hxg6 1-0

[Event "Faxe Dags op"]
[Site "Faxe"]
[Date "2016.04.06"]
[Round "2"]
[White "Stuhr, Finn"]
[Black "Andersen, Hans E"]
[Result "0-1"]
[WhiteElo "1737"]
[BlackElo "1643"]
[PlyCount "107"]
[EventDate "2016.03.30"]
[EventType "swiss"]
[EventRounds "7"]
[EventCountry "DEN"]
[SourceTitle "EXT 2021"]
[Source "ChessBase"]
[SourceDate "2020.10.23"]
[SourceVersion "1"]
[SourceVersionDate "2020.10.23"]
[SourceQuality "1"]

1. e4 e5 2. Nf3 Nc6 3. Bb5 d6 4. 0-0 Nf6 5. Re1 Be7 6. c3 0-0 7. d4 exd4 8. cxd4 Bd7 9. Nc3 a6 10. Ba4 b5 11. Bc2 Bg4 12. Re3 Re8 13. a3 Nh5 14. Ne2 Bf6 15. h3 Bxf3 16. Rxf3 g6 17. g4 Ng7 18. Nf4 Bxd4 19. Bb3 Ne5 20. Rg3 Bb6 21. Nd5 Ba7 22. g5 Nh5 23. Rc3 c6 24. Nb4 c5 25. Nd5 c4 26. Bc2 f6 27. gxf6 Nxf6 28. Bg5 Ned7 29. Rf3 Rf8 30. Nxf6+ Nxf6 31. e5 dxe5 32. Qxd8 Raxd8 33. Rxf6 Rxf6 34. Bxf6 Rd2 35. Rf1 Rxc2 36. Bxe5 Rd2 37. Kg2 Re2 38. Bc3 Kf7 39. Kg3 h5 40. f4 Ke6 41. Be5 Rd2 42. Kf3 Kf5 43. Re1 h4 44. Rf1 Rh2 45. Bc3 Rxh3+ 46. Kg2 Rg3+ 47. Kh2 Re3 48. Kg2 Kg4 49. Rd1 h3+ 50. Kh1 Kg3 51. Rg1+ Kf3 52. Rf1+ Kg4 53. Rg1+ Kf5 54. Be5 0-1

[Event "NATO-ch 26th"]
[Site "Amsterdam"]
[Date "2015.07.10"]
[Round "7.46"]
[White "Muzas, Kestutis"]
[Black "Stuhr, Finn"]
[Result "1-0"]
[WhiteElo "1557"]
[BlackElo "1796"]
[PlyCount "65"]
[EventDate "2015.07.06"]
[EventType "swiss"]
[EventRounds "7"]
[EventCountry "NED"]
[SourceTitle "EXT 2016"]
[Source "ChessBase"]
[SourceDate "2015.10.08"]
[SourceVersion "1"]
[SourceVersionDate "2015.10.08"]
[SourceQuality "1"]
[WhiteTeam "Lithuania"]
[BlackTeam "Denmark"]
[WhiteTeamCountry "LTU"]
[BlackTeamCountry "DEN"]

1. d4 Nf6 2. c4 b6 3. Nc3 e6 4. Nf3 Bb7 5. e3 Be7 6. Bd3 d6 7. 0-0 Nbd7 8. Re1 e5 9. e4 exd4 10. Nxd4 Ne5 11. Bf1 0-0 12. Nf5 Re8 13. Nxe7+ Qxe7 14. f3 c6 15. Be3 Rad8 16. Qc2 Qc7 17. Rac1 Rc8 18. Qb3 Ba6 19. Qa4 Bb7 20. Qxa7 c5 21. Qa4 Ra8 22. Qb3 Bc6 23. Red1 Red8 24. Bg5 h6 25. Bxf6 gxf6 26. Rd2 Qe7 27. Nd5 Bxd5 28. Rxd5 f5 29. exf5 Kh7 30. Rcd1 Rg8 31. Rxd6 Rxg2+ 32. Bxg2 Rg8 33. Qe3 1-0